Denuncias desde arriba y desde abajo /

Shranjeno v:
Bibliografske podrobnosti
Glavni avtor: Cuadra, Scarlet
Format: Texto
Oznake: Označite
Brez oznak, prvi označite!

MARC

LEADER 00000 a a2200000 04500
001 46020
003
040
100 |a Cuadra, Scarlet  
245 |a Denuncias desde arriba y desde abajo /  |c Scarlet Cuadra  
773 |g volumen16, número401 ( , 1996), páginas 8-9  
999 |c 35551  |d 35551